| 000 | 00929nas a2200301 4500 | ||
|---|---|---|---|
| 001 | BR0105039 | ||
| 003 | BR-BrBNA | ||
| 005 | 20231205102456.0 | ||
| 007 | ta | ||
| 008 | 230509b bl.|||p| |||| 00| 00por d | ||
| 040 |
_aBR-BrBNA _bpor _cBiblioteca Nacional de Agricultura |
||
| 041 | _a(Pt) | ||
| 072 | _aN10; N01 | ||
| 100 | 1 | _aPadilha, J.A.S. | |
| 100 | 1 | _aToledo Filho, R.D. | |
| 100 | 1 | _aLima, P.R.L. | |
| 100 | 1 | _aJoseph, K. | |
| 100 | 1 | _aLeal, A.F. | |
| 245 | 1 | _aArgamassa leve reforcada com polpa de sisal: composito de baixa condutividade termica para uso em edificacoes rurais | |
| 650 | _aSisal | ||
| 650 | _aMaterial de Construcao | ||
| 650 | _aPropriedade Fisico-Quimica | ||
| 650 | _aInstalacao Agricola | ||
| 650 | _aPolpa | ||
| 773 | 0 |
_tEngenharia Agricola (Brazil) _xISSN 0100-6916 _g(Jan 2001), v. 21(1) p. 1-11 _wBR0105039 |
|
| 909 |
_a202311 _bLúcia _c55 _dLúcia Elande |
||
| 942 |
_2AGRIS _n0 _cANA |
||
| 999 |
_c167757 _d167757 |
||